MARC details
| 000 -CABECERA |
| campo de control de longitud fija |
01053nam a2200289 a 4500 |
| 005 - FECHA Y HORA DE LA ÚLTIMA TRANSACCIÓN |
| campo de control |
20251024063923.0 |
| 008 - ELEMENTOS DE LONGITUD FIJA--INFORMACIÓN GENERAL |
| campo de control de longitud fija |
991125s1979 mx 000 0 spa u |
| 020 ## - NÚMERO INTERNACIONAL NORMALIZADO PARA LIBROS |
| Número Internacional Estándar del Libro |
9682913837 |
| 035 ## - NÚMERO DE CONTROL DEL SISTEMA |
| Número de control de sistema |
UPN01000001290 |
| 049 ## - COLECCIÓN |
| Colección |
I |
| 050 #4 - SIGNATURA TOPOGRÁFICA DE LA BIBLIOTECA DEL CONGRESO |
| Número de clasificación |
QL122.2 |
| Número de documento/Ítem |
R4.5 |
| 100 1# - ASIENTO PRINCIPAL--NOMBRE PERSONAL |
| Nombre de persona |
Reyes Palma, Francisco |
| 9 (RLIN) |
41594 |
| 245 13 - MENCIÓN DE TÍTULO |
| Título |
El mar / |
| Mención de responsabilidad, etc. |
Francisco Reyes Palma ; il. Arnaldo Coen. |
| 260 ## - PUBLICACIÓN, DISTRIBUCIÓN, ETC. |
| Lugar de publicación, distribución, etc. |
México : |
| Nombre del editor, distribuidor, etc. |
Salvat : |
| -- |
SEP, Consejo Nacional de Fomento Educativo, |
| Fecha de publicación, distribución, etc. |
1979. |
| 300 ## - DESCRIPCIÓN FÍSICA |
| Extensión |
80 p. : |
| Otras características físicas |
il. col. |
| 440 #0 - MENCIÓN DE SERIE/ASIENTO SECUNDARIO--TÍTULO |
| Título |
Colibrí. |
| Nombre de parte o sección de la obra |
Ciencias naturales |
| 440 #0 - MENCIÓN DE SERIE/ASIENTO SECUNDARIO--TÍTULO |
| Título |
Libros del rincón |
| 501 ## - NOTA DE "CON" |
| Nota de “Con” |
Con: El agua y tú / María Antonia Candela ... [et al.] ; il. Felipe Dávalos -- Ballenas / Guillermo Samperio ; il. Armando López |
| 650 #4 - ASIENTO SECUNDARIO DE MATERIA - TERMINO TEMATICO |
| Término de materia o nombre geográfico como elemento de entrada |
OCEANO - |
| Subdivisión de forma |
LITERATURA INFANTIL |
| 9 (RLIN) |
11223 |
| 650 #4 - ASIENTO SECUNDARIO DE MATERIA - TERMINO TEMATICO |
| Término de materia o nombre geográfico como elemento de entrada |
AGUA - |
| Subdivisión de forma |
LITERATURA INFANTIL |
| 9 (RLIN) |
22057 |
| 650 #4 - ASIENTO SECUNDARIO DE MATERIA - TERMINO TEMATICO |
| Término de materia o nombre geográfico como elemento de entrada |
BALLENAS - |
| Subdivisión de forma |
LITERATURA INFANTIL |
| 9 (RLIN) |
25481 |
| 700 1# - ASIENTO SECUNDARIO--NOMBRE DE PERSONAL |
| Nombre de persona |
Candela, Antonia |
| Término indicativo de función/relación |
coaut. |
| 9 (RLIN) |
32625 |
| 700 1# - ASIENTO SECUNDARIO--NOMBRE DE PERSONAL |
| Nombre de persona |
Samperio, Guillermo, |
| Fechas asociadas al nombre |
1948- |
| Término indicativo de función/relación |
coaut. |
| 9 (RLIN) |
30941 |
| 740 3# - ASIENTO SECUNDARIO - TÍTULOS RELACIONADOS /ANALITICOS NO CONTROLADOS |
| Título relacionado o analítico no controlado |
El agua y tú |
| 740 0# - ASIENTO SECUNDARIO - TÍTULOS RELACIONADOS /ANALITICOS NO CONTROLADOS |
| Título relacionado o analítico no controlado |
Ballenas |
| 905 ## - TIPO DE MATERIAL |
| Tipo de material |
Infantil |